| 000 | 00516nam a22001817a 4500 | ||
|---|---|---|---|
| 003 | CEME | ||
| 005 | 20210628204009.0 | ||
| 008 | 210113b xxu||||| |||| 00| 0 eng d | ||
| 020 | _a9780230235885 | ||
| 040 | _cceme | ||
| 082 | _a407.1 TEA | ||
| 100 |
_aJeffries, Lesley , Mcintyre, Dan _968189 |
||
| 245 | _aTeaching stylistics | ||
| 260 |
_aGREAT BRITAIN _bPALGRAVE MACMILLAN _c2011 |
||
| 300 | _aXV, 275P | ||
| 650 |
_aTEACHING STYLISTICS.LANGUAGE AND LANGUAGES-STUDY AND TEACHING. _968190 |
||
| 942 |
_cBK _2ddc |
||
| 999 |
_c575812 _d575812 |
||